000 00963cam a22002531 4500
001 gs 43000004
003 DLC
005 20260227111348.0
008 800311s1942 vauab b s001 0 eng c
010 _ags 43000004
035 _a(OCoLC)6068623
040 _aU.S. Geol. survey
_cTxDaME
_dDLC
042 _apremarc
043 _an-us-va
050 0 0 _aQE173
_b.A38 no. 2
100 1 _aBevan, Arthur Charles,
_d1888-1968.
245 1 0 _aPublications on the geology and mineral resources of Virginia,
_cby Arthur Bevan.
260 _aUniversity, Va.,
_c1942.
300 _avii, [1], 57 p.
_bfront., illus. (incl. diagr.) fold. map
_c23 cm.
490 0 _aVirginia. Geological Survey. Circular 2
500 _aAt head of title: Commonwealth of Virginia. Virginia Conservation Commission. Virginia Geological Survey. Arthur Bevan, state geologist.
650 0 _aGeology
_zVirginia
_vBibliography.
650 0 _aMines and mineral resources
_zVirginia
_vBibliography.
999 _c27865
_d27865